[Event "CAPA 4/I/11 email"]
[Site "Argentina"]
[Date "2001.??.??"]
[Round "2"]
[White "Schatzyki, Adrian"]
[Black "Yanzon, Roberto Jesus"]
[Result "0-1"]
[WhiteElo "2000"]
[BlackElo "2000"]
[PlyCount "34"]
[EventDate "2001.??.??"]
[EventType "tourn (corr)"]
[EventRounds "6"]
[EventCountry "ARG"]
[SourceTitle "Corr 2002"]
[Source "ChessBase"]
[SourceDate "2002.05.23"]
[SourceVersion "1"]
[SourceVersionDate "2002.05.23"]
[SourceQuality "1"]

1. d4 Nf6 2. c4 g6 3. Nc3 Bg7 4. Nf3 0-0 5. e4 d6 6. Bg5 c5 7. dxc5 Qa5 8. Qd2 dxc5 9. Bxf6 exf6 10. Bd3 Nc6 11. 0-0 Ne5 12. Nxe5 fxe5 13. Rfd1 f5 14. f3 Be6 15. Nd5 Qxd2 16. Rxd2 Rf7 17. a3 Bh6 0-1